مكتبة جامعة عجلون الوطنية

فهرس بحث المكتبة

الدليل الهندسي تصميم المساكن والمباني في المناطق المدارية، ج1 (Record no. 19075)

MARC details
000 -LEADER
fixed length control field 00891nam a2200241Ii 4500
003 - CONTROL NUMBER IDENTIFIER
control field JO-AjNU
005 - DATE AND TIME OF LATEST TRANSACTION
control field 20240110132238.0
008 - FIXED-LENGTH DATA ELEMENTS--GENERAL INFORMATION
fixed length control field 230605s9999||||xx |||||||||||||| ||und||
017 ## - COPYRIGHT OR LEGAL DEPOSIT NUMBER
Copyright or legal deposit number 1996/2/240
040 ## - CATALOGING SOURCE
Original cataloging agency JO-AjNU
Language of cataloging ara
Description conventions rda
Transcribing agency JO-AjNU
041 ## - LANGUAGE CODE
Language code of text/sound track or separate title ara
050 14 - LIBRARY OF CONGRESS CALL NUMBER
Classification number TH153.M3512 1996
100 3# - MAIN ENTRY--PERSONAL NAME
Personal name برجر، كوينز... واخرون؛ ترجمه رزق نمر حماد ؛ مراجعة سليم الفقية ,
Relator term author
9 (RLIN) 37170
245 00 - TITLE STATEMENT
Title الدليل الهندسي تصميم المساكن والمباني في المناطق المدارية، ج1
250 ## - EDITION STATEMENT
Edition statement ط1
264 31 - PRODUCTION, PUBLICATION, DISTRIBUTION, MANUFACTURE, AND COPYRIGHT NOTICE
Place of production, publication, distribution, manufacture عمان: الجامعة الاردنية ، 1996
300 ## - PHYSICAL DESCRIPTION
Extent ج1، 474ص
336 ## - CONTENT TYPE
Content type term text
Content type code txt
Source rdacontent
337 ## - MEDIA TYPE
Media type term unmediated
Media type code n
Source rdamedia
338 ## - CARRIER TYPE
Carrier type term volume
Carrier type code nc
Source rdacarrier
650 #4 - SUBJECT ADDED ENTRY--TOPICAL TERM
Topical term or geographic name entry element الهندسة المدنية-مواصفات البناء
9 (RLIN) 37171
942 ## - ADDED ENTRY ELEMENTS (KOHA)
Source of classification or shelving scheme Library of Congress Classification
Koha item type Books
Holdings
Withdrawn status Lost status Source of classification or shelving scheme Damaged status Not for loan Home library Current library Shelving location Date acquired Total Checkouts Full call number Barcode Date last seen Price effective from Koha item type
    Library of Congress Classification     مكتبة جامعة عجلون الوطنية مكتبة جامعة عجلون الوطنية المجموعات العامة 06/06/2023   TH153.M3512 1996 A15507 06/06/2023 06/06/2023 Books